Sports Quiz

Random Sports or NFL Quiz
Score 0/50 Timer 10:00
0 Plays Today
Hint Answer % Correct
PatriotsTom Brady
98.6%
SteelersAntonio Brown
98.6%
FalconsJulio Jones
97.3%
CardinalsChandler Jones
97.3%
EaglesCarson Wentz
95.9%
SeahawksRussell Wilson
94.6%
PanthersCam Newton
94.6%
SteelersLe'Veon Bell
93.2%
SaintsDrew Brees
93.2%
PackersAaron Rodgers
93.2%
BroncosVon Miller
90.5%
RamsTodd Gurley
89.2%
RamsAaron Donald
89.2%
TexansDeAndre Hopkins
89.2%
FalconsMatt Ryan
87.8%
JaguarsJalen Ramsey
85.1%
PatriotsRob Gronkowski
82.4%
RaidersKhalil Mack
82.4%
BengelsA.J. Green
82.4%
RamsJared Goff
82.4%
SteelersBen Roethlisberger
81.1%
LionsMatthew Stafford
81.1%
CowboysTyron Smith
79.7%
VikingsHarrison Smith
79.7%
SaintsAlvin Kamara
78.4%
Hint Answer % Correct
ChiefsTyreek Hill
78.4%
TexansDeshaun Watson
78.4%
SeahawksEarl Thomas
75.7%
PanthersLuke Kuechly
73%
ChiefsKareem Hunt
71.6%
CardinalsLarry Fitzgerald
70.3%
TexansJadeveon Clowney
68.9%
CardinalsPatrick Peterson
66.2%
BillsLeSean McCoy
66.2%
VikingsAdam Thielen
62.2%
SaintsMark Ingram
60.8%
SeahawksBobby Wagner
59.5%
JaguarsCalais Campbell
58.1%
SaintsCameron Jordan
56.8%
ChargersKeenan Allen
56.8%
ChiefsTravis Kelce
55.4%
JaguarsA.J. Bouye
51.4%
PackersDavante Adams
48.6%
ChargersJoey Bosa
44.6%
LionsDarius Slay
39.2%
SteelersDavid DeCastro
35.1%
SteelersRyan Shazier
35.1%
VikingsEverson Griffen
33.8%
CowboysDemarcus Lawrence
32.4%
SteelersCameron Heyward
32.4%
Remove Ads.
Support Sporcle.
Get the best of Sporcle when you Go Orange. This ad-free experience offers more features, more stats, and more fun while also helping to support Sporcle. Thank you for becoming a member.

You're not logged in!

Compare scores with friends on all Sporcle quizzes.
OR
Log In

Show Comments

Extras

Top Quizzes Today


Score Distribution

Your Account Isn't Verified!

In order to create a playlist on Sporcle, you need to verify the email address you used during registration. Go to your Sporcle Settings to finish the process.

Report this User

Report this user for behavior that violates our Community Guidelines.

Details: